| 000 | 01229nmc a2200421 a 4500 | ||
|---|---|---|---|
| 003 | AR-BaBNM | ||
| 005 | 20251128204234.0 | ||
| 008 | 046019s1988 ||||||||||||||000 | spa|| | ||
| 020 | _a950-25-1468-8 | ||
| 040 | _cAR-BaBNM | ||
| 100 | 1 | _aGarcía, Alicia S. | |
| 245 | 1 | 0 |
_aTextos y documentos _bEl autoritarismo y los argentinos. La hora de la espada. 1924-1946 _n1 |
| 260 |
_aBuenos Aires _bCentro Editor de América Latina _c1988 |
||
| 300 | 0 | _a94 p. | |
| 490 | 0 |
_aBiblioteca política Argentina _vv. 200 |
|
| 600 | 1 | 4 | _aLugones, Leopoldo |
| 600 | 1 | 4 |
_aJusto, Agustin Pedro _d1876-1943 |
| 600 | 1 | 4 | _aPerón, Juan Domingo |
| 600 | 1 | 4 |
_aUriburu, José Félix _d1868-1932 |
| 650 | 4 | _aHISTORIA ARGENTINA | |
| 650 | 4 | _aPOLITICA | |
| 650 | 4 | _aHISTORIA DE LAS IDEAS | |
| 650 | 4 | _aIDEOLOGIAS POLITICAS | |
| 650 | 4 | _aHISTORIA MILITAR | |
| 650 | 4 | _aFUERZAS ARMADAS | |
| 650 | 4 | _aGOLPES DE ESTADO | |
| 650 | 4 | _aAUTORITARISMO | |
| 650 | 4 | _aTOTALITARISMO | |
| 650 | 4 | _aMILITARISMO | |
| 650 | 4 | _aDICTADURA | |
| 650 | 4 | _aNACIONALISMO | |
| 651 | 4 | _aArgentina | |
| 653 | 0 | _aGOBIERNO MILITAR | |
| 700 | 1 | _aRodríguez Molas, Ricardo | |
| 800 | 1 |
_aTroncoso, Oscar _edirector |
|
| 942 | _cBK | ||
| 998 | _cenrique | ||
| 999 |
_c6667 _d6667 |
||